000 00406nam a2200145 i 4500
001 bg
100 1 _aOHOCIMSKIJ Dmitrij, E.
245 0 _aMechanika i upravlenie dvizeniem avtomaticeskogo sagajuscego apparata /
_cD.E. Ohocimskij, J.F. Golubev.
260 _aMoskva,
_c1984.
700 1 _aGOLUBEV, JUrij F.
040 _cBPK
041 _apol
942 _cKS
008 s pl f |000 0 pol
999 _c28435
_d28435
856 _uhttp://koha.tu.koszalin.pl/cgi-bin/koha/opac-detail.pl?biblionumber=28435
_yKatalog online BPK